000 01230cam a22003497a 4500
003 CHAP
005 20220817043718.0
008 001004d2000 mx r 00110 spa d
010 _a82453
011 _a83425
035 _a93938
040 _cCHAP
090 _aTesis
100 0 0 _aSaldaña Montero,José Luis.
_9101522
245 1 0 _aAnálisis del financiamiento rural en México (1988-1999)
_c/por José Luis Saldaña Montero
260 _aChapingo, Méx. :
_bEl autor,
_c2000.
300 _a122 h. :
_bgráfs.
502 _aTesis (Lic. en Economía Agrícola) -- UACH. División de Ciencias Económico-Administrativas
590 _aALEPH
_b10
_c20130110
_lUCH01
_h1438
590 _aBATCH-UPD
_b10
_c20130110
_lUCH01
_h0613
590 _aBATCH-UPD
_b10
_c20130410
_lUCH01
_h0255
590 _aBATCH-UPD
_b10
_c20130914
_lUCH01
_h1103
590 _aCONVERSION
_b10
_c20130109
_lUCH01
_h1346
650 1 4 _aCrédito agrícola
_zMéxico.
_929089
650 1 4 _aOrganización de productores.
_983544
650 1 4 _aPolítica agrícola
_zMéxico.
901 _aBK
905 _aMayto Villalobos S.
942 _cFOLL
949 _bBC
_cTES
_d33724000794293
_eTS2
_fc.2
_h37070
_i93938
_si
949 _bBC
_cTES
_d939381
_eTS1
_h37069
_i93938
_sb
999 _c82453
_d82453